|
|
|
|
| LEADER |
00000nam a2200000Ii 4500 |
| 001 |
DIGCERVAN0225 |
| 003 |
NyNyDIG |
| 006 |
m o d |
| 007 |
cr ||||||||||| |
| 008 |
240308s2023 ec o 000 0 spa d |
| 035 |
|
|
|a (OCoLC)1425824953
|
| 040 |
|
|
|a DGITA
|b eng
|e rda
|e pn
|c DGITA
|
| 020 |
|
|
|a 9791222442716
|q eBook
|
| 050 |
1 |
4 |
|a QC981.8.C5 ebook
|
| 100 |
1 |
|
|a Hidalgo-Oñate, Diego,
|e author.
|
| 245 |
1 |
0 |
|a Fragilidad expuesta :
|b organismos vulnerables al cambio climático /
|c Diego Hidalgo-Oñate.
|
| 264 |
|
1 |
|a [Quito, Ecuador] :
|b Cervantes Digital,
|c [2023]
|
| 300 |
|
|
|a 1 online resource.
|
| 336 |
|
|
|a text
|b txt
|2 rdacontent
|
| 337 |
|
|
|a computer
|b c
|2 rdamedia
|
| 338 |
|
|
|a online resource
|b cr
|2 rdacarrier
|
| 347 |
|
|
|a text file
|2 rdaft
|
| 347 |
|
|
|b EPUB
|
| 347 |
|
|
|b PDF
|
| 588 |
0 |
|
|a Online resource; title from ePub and PDF title page (Digitalia, viewed March 8, 2024)
|
| 650 |
|
0 |
|a Climatic changes
|x Research.
|
| 650 |
|
0 |
|a Biotic communities.
|
| 650 |
|
0 |
|a Ecology
|x Environmental aspects.
|
| 650 |
|
0 |
|a Biodiversity.
|
| 791 |
2 |
|
|a Digitalia (Firm),
|e distributor.
|
| 793 |
0 |
|
|g Digitalia eBook Collection:
|a Cervantes Digital
|
| 856 |
4 |
0 |
|3 Digitalia Hispánica
|u https://www.digitaliapublishing.com/a/130111/
|
| 910 |
|
|
|a Premium collection: 2024
|